Immunising the children of the world / (Record no. 204455)
[ view plain ]
| 000 -LEADER | |
|---|---|
| fixed length control field | 00521nam a22001817a 4500 |
| 005 - DATE AND TIME OF LATEST TRANSACTION | |
| control field | 20240725162119.0 |
| 010 ## - LCCN (DPL NO) | |
| LC control number | ENG-140958 |
| 020 ## - INTERNATIONAL STANDARD BOOK NUMBER | |
| Terms of availability | 695.00 |
| 035 ## - SYSTEM CONTROL NUMBER | |
| System control number | EN-124310 |
| 037 ## - SOURCE OF ACQUISITION | |
| Source of stock number/acquisition | DBAD |
| 082 ## - DEWEY DECIMAL CLASSIFICATION NUMBER | |
| Classification number | 142.00 |
| 100 ## - MAIN ENTRY--PERSONAL NAME | |
| Personal name | RALPHH. HENDERSON |
| 245 ## - TITLE STATEMENT | |
| Title | Immunising the children of the world / |
| Statement of responsibility, etc | Henderson . H Ralph |
| 260 ## - PUBLICATION, DISTRIBUTION, ETC. (IMPRINT) | |
| Place of publication, distribution, etc | Gurgaon |
| Name of publisher, distributor, etc | Orient Blackswan |
| Date of publication, distribution, etc | 2016 |
| 270 ## - ADDRESS | |
| City | Gurgaon |
| Address | 1/24 Asaf Ali Road new delhi |
| Postal code | 110002 |
| 300 ## - PHYSICAL DESCRIPTION | |
| Extent | 155p. |
| Dimensions | 25cm(hb) |
| 942 ## - ADDED ENTRY ELEMENTS (KOHA) | |
| Source of classification or shelving scheme | Dewey Decimal Classification |
| Item type | English Books |
| Classification part | 480 |
| Call number suffix | nly |
No items available.
